000 00349 a2200157 4500
001 56808
020 _a8574060968
040 _cAnchieta - Pituba
100 _aMachado, Maria Clara
240 1 0 _aA bruxinha que era boa
_lpor
245 1 0 _aA bruxinha que era boa
300 _a140
362 0 _a2006
650 4 _aLiteratura juvenil
942 _cBK
999 _c56808
_d56808